000 00239nam a2200097Ia 4500
001 697272
005 20250826162028.0
008 250824s9999 xx 000 0 und d
245 0 _aSavaşçı
_cDOĞAN CÜCELOĞLU
260 _bREMZİ KİTABEVİ
999 _c697272
_d697272